Author By Character Quiz Stats

 Plays Quiz Updated Nov 24, 2018

     
Support Sporcle.
Go Orange.
Score 0/20 Timer 05:00
3 Plays Today
Characters Author % Correct
Jacob Marley, Samuel Pickwick, The Artful DodgerCharles Dickens
79.7%
Miss Marple, Hercule Poirot, Ariadne OliverAgatha Christie
72.4%
Alexei Kirillovich Vronsky, Sonya Rostova, Pierre BezukhovLeo Tolstoy
61.2%
George Milton, Lennie Small, Tom JoadJohn Steinbeck
50.7%
Raskolnikov, Dmitri Karamazov, Lyov Nikolayevich MyshkinFyodor Dostoevsky
50.4%
Simon Wheeler, Becky Thatcher, Aunt PollyMark Twain
50%
Jo March, John Brooke, Polly MiltonLouisa May Alcott
49.2%
Jack Torrance, Ben Mears, Annie WilkesStephen King
37.1%
Clarissa Dalloway, James Ramsay, Katharine HilberyVirginia Woolf
37.1%
Arthur Dent, Ford Prefect, Dirk GentlyDouglas Adams
34.5%
Characters Author % Correct
Felix Hoenikker, Billy Pilgrim, Kilgore TroutKurt Vonnegut
29.7%
Howard Roark, Dagny Taggart, John GaltAyn Rand
26.4%
Lyra Silvertongue, Will Parry, Sally LockhartPhilip Pullman
24.9%
Clarice Starling, Jack Crawford, Michael LanderThomas Harris
24.4%
Katniss Everdeen, Luxa, Peeta MellarkSuzanne Collins
22.7%
Guy Montag, G. M. Dark, Roy HoldstromRay Bradbury
20.7%
Philip Marlowe, Arthur Gwynn Geiger, Derace KingsleyRaymond Chandler
14%
Darby Shaw, Rudy Baylor, Mark SwayJohn Grisham
11.4%
Jeremy Stone, Alan Grant, Tom SandersMichael Crichton
9.6%
Homer Wells, John Wheelwright, Jenny FieldsJohn Irving
9.6%

From the Vault

Closest MLB Teams to Mexico

by Darzlat

Sports 3m
El béisbol es bueno!
Remove Ads.
Support Sporcle.
Get the best of Sporcle when you Go Orange. This ad-free experience offers more features, more stats, and more fun while also helping to support Sporcle. Thank you for becoming a member.

Show Comments

Extras

Top Quizzes Today


Score Distribution

Your Account Isn't Verified!

In order to create a playlist on Sporcle, you need to verify the email address you used during registration. Go to your Sporcle Settings to finish the process.

Report this User

Report this user for behavior that violates our Community Guidelines.

Details: